মিন্না নো নিহোঙ্গো নো রেনশু : (প্র্যাকটিস বা অনুশীলন A,B,C এবং কথোপকথন বাংলা অর্থসহ) Level N5 /
みんなの日本語の れんしゅう: (練習A、B、Cとベンガル語の意味を含んだ会話)Level N5
| Outros autores: | |
|---|---|
| Formato: | Libro |
| Idioma: | English Japanese Bengali |
| Publicado: |
ঢাকা :
সাকিব বুক সেন্টার,
২০২৫.
|
| Edición: | তৃতীয় সংস্করণ. |
| Subjects: | |
| Classic Catalogue: | View this record in Classic Catalogue |
| LEADER | 03898nam a22003737a 4500 | ||
|---|---|---|---|
| 001 | 45056 | ||
| 003 | BD-DhAAL | ||
| 005 | 20251119121041.0 | ||
| 008 | 251112t2025 bg ||||| |||| 00| 0 eng d | ||
| 040 | |a BD-DhAAL |c BD-DhAAL | ||
| 041 | 1 | |a jpn |a ben |h jpn | |
| 082 | |a 495.65 |2 23 | ||
| 245 | |6 880-01 |a মিন্না নো নিহোঙ্গো নো রেনশু : |b (প্র্যাকটিস বা অনুশীলন A,B,C এবং কথোপকথন বাংলা অর্থসহ) Level N5 / |c আসলাম আহমেদ সেনসেই অনূদিত. | ||
| 246 | |a Minna no nihongo no renshuu | ||
| 250 | |a তৃতীয় সংস্করণ. | ||
| 260 | |a ঢাকা : |b সাকিব বুক সেন্টার, |c ২০২৫. | ||
| 300 | |a ৩৬৬ পৃষ্ঠা ; |c ২৪ সে.মি. | ||
| 500 | |a First published : May 2022, Second published : March 2025, Third published : October 2025. | ||
| 500 | |a For NAT/JLPLT and embassy preparation. | ||
| 526 | |a CSE |x Annajiat Alim Rasel Senior Lecturer Department of Computer Science and Engineering BRAC University Course Name : Japanese Language and General for ITEE (JPN 101) | ||
| 541 | |a Book Finder International |e 45056, 45057, 45058, 45059, 45060 | ||
| 650 | |a Japanese language |v Grammar. |9 59825 | ||
| 650 | |a Japanese language |v Problems, exercises, etc. |9 59825 | ||
| 650 | |a Japanese language |x Study and teaching |x Foreign speakers. |9 59296 | ||
| 700 | |a সেনসেই, আসলাম আহমেদ, |e translator. |9 59308 | ||
| 852 | |a Ayesha Abed Library |c General Stacks | ||
| 880 | |6 245-01 |a みんなの日本語の れんしゅう: |b (練習A、B、Cとベンガル語の意味を含んだ会話)Level N5 | ||
| 942 | |c BK |2 ddc | ||
| 999 | |c 47632 |d 47632 | ||
| 952 | |0 0 |1 0 |2 ddc |4 0 |6 495_650000000000000_MIN |7 0 |9 78467 |a BRACUL |b BRACUL |c NEW |d 2025-11-04 |e Book Finder International |g 365.00 |l 0 |o 495.65 MIN |p 3010045056 |r 2025-11-04 |t 1 |v 730.00 |w 2025-11-04 |y BK |x Requisitioned by Annajiat Alim Rasel (Senior Lecturer, Department of Computer Science and Engineering, BRAC University) for the course named - 'Japanese Language and General for ITEE (JPN 101)' | ||
| 952 | |0 0 |1 0 |2 ddc |4 0 |6 495_650000000000000_MIN |7 0 |9 78468 |a BRACUL |b BRACUL |c CIR |d 2025-11-04 |e Book Finder International |g 365.00 |l 1 |o 495.65 MIN |p 3010045057 |r 2026-01-11 |s 2026-01-11 |t 2 |v 730.00 |w 2025-11-04 |y 1HOUR |x Requisitioned by Annajiat Alim Rasel (Senior Lecturer, Department of Computer Science and Engineering, BRAC University) for the course named - 'Japanese Language and General for ITEE (JPN 101)' ; As instructed by the University Librarian, the book has been placed on a one hour loan period following the receipt of five copies. | ||
| 952 | |0 0 |1 0 |2 ddc |4 0 |6 495_650000000000000_MIN |7 0 |9 78469 |a BRACUL |b BRACUL |c GEN |d 2025-11-04 |e Book Finder International |g 365.00 |l 0 |o 495.65 MIN |p 3010045058 |r 2025-11-04 |t 3 |v 730.00 |w 2025-11-04 |y BK |x Requisitioned by Annajiat Alim Rasel (Senior Lecturer, Department of Computer Science and Engineering, BRAC University) for the course named - 'Japanese Language and General for ITEE (JPN 101)' | ||
| 952 | |0 0 |1 0 |2 ddc |4 0 |6 495_650000000000000_MIN |7 0 |9 78470 |a BRACUL |b BRACUL |c GEN |d 2025-11-04 |e Book Finder International |g 365.00 |l 0 |o 495.65 MIN |p 3010045060 |r 2025-11-04 |t 5 |v 730.00 |w 2025-11-04 |y BK |x Requisitioned by Annajiat Alim Rasel (Senior Lecturer, Department of Computer Science and Engineering, BRAC University) for the course named - 'Japanese Language and General for ITEE (JPN 101)' | ||
| 952 | |0 0 |1 0 |2 ddc |4 0 |6 495_650000000000000_MIN |7 0 |9 78471 |a BRACUL |b BRACUL |c GEN |d 2025-11-04 |e Book Finder International |g 365.00 |l 0 |o 495.65 MIN |p 3010045059 |r 2025-11-04 |t 4 |v 730.00 |w 2025-11-04 |y BK |x Requisitioned by Annajiat Alim Rasel (Senior Lecturer, Department of Computer Science and Engineering, BRAC University) for the course named - 'Japanese Language and General for ITEE (JPN 101)' | ||